Gminy województwa pomorskiego według drużyn piłkarskich (mapa) - Statystyki

Ogólne statystyki
  • Ten quiz został rozwiązany 10 razy
  • Średni wynik to 16 z 111
Odpowiedzi na mapie
Odpowiedzi zakodowano w zielono-czerwonej skali na mapie do tego quizu, zgodnie z poniższymi procentami.
 
Statystyki odpowiedzi
Powiat Gmina Drużyna Liczba drużyn Najwyższa klasa rozgrywkowa % Poprawnych
Gdańsk Gdańsk Lechia Gdańsk|Gedania Gdańsk|Jaguar Gdańsk|Stoczniowiec Gdańsk|Gedania II Gdańsk|Jaguar II Gdańsk|Tylko Lechia Gdańsk|Portowiec Gdańsk|Stoczniowiec II Gdańsk|Morena Gdańsk|Olimpia Osowa (Gdańsk)|Chełmianka Gdańsk|Jaguar III Gdańsk|Gedania III Gdańsk|Wybrzeże Gdańsk|Zatoka Gdańsk|UKS Klukowo (Gdańsk) 17 Ekstraklasa
100%
Gdynia Gdynia Arka Gdynia|Arka II Gdynia|Bałtyk Gdynia|Bałtyk II Gdynia|Pomorzanin Gdynia|AP KP Gdynia|AP 16 Gdynia|AP KP II Gdynia|AP Gdynia-Dąbrowa 9 Ekstraklasa
89%
Wejherowski Wejherowo Gryf Wejherowo|Gryf II Wejherowo 2 IV Liga
78%
Bytowski Bytów Bytovia Bytów|Bytovia II Bytów|Orkan Gostkowo|Urania Udorpie|KS Bytów|Magic Niezabyszewo 6 IV Liga
67%
Kartuski Kartuzy Cartusia Kartuzy|Amator Kiełpino|Cartusia II Kartuzy|Amator II Kiełpino|Remus Mirachowo 5 III Liga
67%
Chojnicki Chojnice Chojniczanka Chojnice|Chojniczanka II Chojnice|Kolejarz Chojnice|Chojniczanka III Chojnice|Kolejarz II Chojnice 5 II Liga
67%
Kartuski Stężyca Radunia Stężyca|Radunia II Stężyca|Orzeł Gołubie 3 Klasa okręgowa: Gdańsk II
56%
Słupsk Słupsk Gryf Słupsk|Gryf II Słupsk 2 IV Liga
33%
Słupski Ustka Jantar Ustka|Jantar II Ustka 2 Klasa okręgowa: Słupsk
33%
Malborski Malbork Pomezania Malbork|Nogat Malbork|AP Malbork 3 IV Liga
33%
Słupski Kępice Barton Barcino|Echo Biesowice|Garbarnia Kępice 3 Klasa A: Słupsk I
22%
Gdański Pruszcz Gdański Czarni Pruszcz Gdański|Czarni II Pruszcz Gdański|Czarni III Pruszcz Gdański|GTS Pruszcz Gdański 4 IV Liga
22%
Słupski Dębnica Kaszubska Dolina Speranda Niepoględzie|Skotawia Dębnica Kaszubska|Błękitni Motarzyno 3 Klasa okręgowa: Słupsk
22%
Bytowski Kołczygłowy GKS Kołczygłowy 1 Klasa B: Słupsk II
22%
Tczewski Tczew Gryf Tczew 1 Klasa okręgowa: Gdańsk II
22%
Kościerski Dziemiany Kaliszanka Dziemiany 1 Klasa B: Gdańsk V
22%
Kościerski Kościerzyna Kaszubia Kościerzyna 1 Klasa okręgowa: Gdańsk II
22%
Bytowski Lipnica Lipniczanka Lipnica 1 Klasa A: Słupsk II
22%
Sopot Sopot Ogniwo Sopot|Jordania Sopot|AP Sopot 3 Klasa A: Gdańsk I
22%
Człuchowski Człuchów Piast Człuchów 1 IV Liga
22%
Lęborski Lębork Pogoń Lębork|Lew Lębork|Lew II Lębork|Pogoń II Lębork 4 IV Liga
22%
Słupski Potęgowo Pomorze Potęgowo 1 Klasa okręgowa: Słupsk
22%
Słupski Smołdzino Rowokół Smołdzino 1 Klasa B: Słupsk I
22%
Wejherowski Rumia Salos Rumia|Orkan Rumia 2 Klasa okręgowa: Gdańsk I
22%
Chojnicki Konarzyny Sparta Konarzyny 1 Klasa B: Słupsk II
22%
Słupski Kobylnica Sparta Sycewice|Słupia Kobylnica|Granit Kończewo|Sokół Kuleszewo 4 Klasa okręgowa: Słupsk
22%
Lęborski Łeba Start Łeba 1 Klasa A: Słupsk I
22%
Bytowski Miastko Start Miastko 1 Klasa okręgowa: Słupsk
22%
Tczewski Pelplin Wierzyca Pelplin|Centrum Pelplin|WKS Lignowy Szlacheckie 3 IV Liga
22%
Wejherowski Luzino Wikęd Luzino|Wikęd II Luzino|Wikęd III Luzino|KS Kębłowo 4 III Liga
22%
Sztumski Mikołajki Pomorskie Amatorka Mikołajki Pomorskie 1 Klasa A: Gdańsk IV
11%
Lęborski Nowa Wieś Lęborska Anioły Garczegorze|Start Łebień|Wembley Mosty|Anioły II Garczegorze 4 IV Liga
11%
Wejherowski Wejherowo W AP Cassubian Bolszewo|Barca Bolszewo|Barca II Bolszewo 3 Klasa A: Gdańsk I
11%
Człuchowski Przechlewo Brda Przechlewo 1 Klasa A: Słupsk II
11%
Chojnicki Czersk Brda Rytel|Borowiak Czersk|Zieloni Łąg|Brda II Rytel|Borowiak II Czersk 5 Klasa A: Gdańsk III
11%
Wejherowski Szemud Dragon Bojano|KKS Koleczkowo|Iskra Szemud 3 Klasa A: Gdańsk I
11%
Gdański Kolbudy GKS Kolbudy|AP GKS Kowale|Merchel Kolbudy|AP GKS II Kowale 4 Klasa okręgowa: Gdańsk I
11%
Wejherowski Linia GKS Linia 1 Klasa B: Słupsk I
11%
Kartuski Sierakowice GKS Sierakowice|FC Gowidlino 2 Klasa A: Gdańsk II
11%
Gdański Pszczółki GLKS Różyny|Potok Pszczółki|Futbol Base Polonia Kolnik 3 Klasa A: Gdańsk II
11%
Malborski Nowy Staw Grom Nowy Staw|Grom II Nowy Staw|Real Myszewo 3 Klasa B: Gdańsk VIII
11%
Kartuski Somonino Gryf Goręczyno 1 Klasa A: Gdańsk II
11%
Bytowski Czarna Dąbrówka GTS Czarna Dąbrówka|WKS Nożyno 2 Klasa okręgowa: Słupsk
11%
Gdański Pruszcz Gdański W GTS Mokry Dwór|Orzeł Straszyn|SPZŻ GTS Przejazdowo|GTS Rotmanka|GTS Juszkowo 5 Klasa A: Gdańsk II
11%
Kościerski Karsin Gwiazda Karsin|Orzeł Osowo 2 Klasa A: Gdańsk III
11%
Słupski Główczyce Jantaria Pobłocie|Błękitni Główczyce|Sokół Szczypkowice|Żelki Żelkowo 4 Klasa A: Słupsk I
11%
Bytowski Studzienice Kaszubia Studzienice|Kaszubia II Studzienice 2 Klasa okręgowa: Słupsk
11%
Starogardzki Starogard Gdański KP Starogard Gdański 1 IV Liga
11%
Kartuski Żukowo KS Chwaszczyno|Sporting Leźno|GKS Żukowo|Pomorzanin Banino|KS Sulmin|Sporting II Leźno|GKS II Żukowo 7 Klasa okręgowa: Gdańsk I
11%
Kartuski Sulęczyno KS Mściszewice|Słupia Sulęczyno 2 Klasa A: Gdańsk II
11%
Kościerski Kościerzyna W KS Skorzewo|Santana Wielki Klincz|Ceramik Łubiana 3 Klasa okręgowa: Gdańsk II
11%
Wejherowski Choczewo Latarnik Choczewo|Latarnik II Choczewo|Motor Zwartowo 3 Klasa A: Gdańsk I
11%
Lęborski Cewice ŁKS Łebunia|Baza 44 Siemirowice 2 Klasa A: Słupsk II
11%
Człuchowski Debrzno MKS Debrzno 1 Klasa A: Słupsk II
11%
Pucki Władysławowo MKS Władysławowo|Solar Władysławowo|MKS II Władysławowo|Norda Karwia 4 Klasa okręgowa: Gdańsk I
11%
Bytowski Tuchomie Myśliwiec Tuchomie 1 Klasa okręgowa: Słupsk
11%
Kartuski Przodkowo Orlik Przodkowo 1 Klasa A: Gdańsk II
11%
Gdański Trąbki Wielkie Orzeł Trąbki Wielkie|Grom Kleszczewo|Sokół Ełganowo 3 Klasa okręgowa: Gdańsk I
11%
Gdański Suchy Dąb Osiczanka Osice|Zryw Grabiny Zameczek|Motława Suchy Dąb|Osiczanka II Osice 4 Klasa okręgowa: Gdańsk I
11%
Kwidzyński Prabuty Pogoń Prabuty|WSS Obrzynowo 2 Klasa A: Gdańsk IV
11%
Sztumski Dzierzgoń Powiśle Dzierzgoń 1 IV Liga
11%
Starogardzki Zblewo Sławek Borzechowo|KS Bytonia|Sokół Zblewo|Meteor Pinczyn 4 Klasa okręgowa: Gdańsk II
11%
Tczewski Gniew Sobieski Gniew|Keramzyt Szprudowo 2 Klasa B: Gdańsk VII
11%
Wejherowski Łęczyce Sokół Bożepole Wielkie|Sokół II Bożepole Wielkie|Zenit Łęczyce 3 IV Liga
11%
Człuchowski Czarne Sokół Wyczechy|Czarni Czarne 2 Klasa okręgowa: Słupsk
11%
Kwidzyński Sadlinki Spójnia Sadlinki 1 Klasa A: Gdańsk IV
11%
Słupski Redzikowo Stal Jezierzyce|KS Włynkówko|Stal II Jezierzyce|Szansa Siemianice 4 Klasa okręgowa: Słupsk
11%
Pucki Puck W Start Mrzezino|Feniks Mechowo|Orzełki Żelistrzewo|Ajax Leśniewo|Kaszubia Starzyno|Huragan Smolno|LZS Domatowo|Kaszuby Połchowo 8 Klasa A: Gdańsk I
11%
Wejherowski Gniewino Stolem Gniewino|Stolem II Gniewino|Stolem III Gniewino 3 IV Liga
11%
Starogardzki Skarszewy Styna Godziszewo|Wietcisa Skarszewy|Wietcisa II Skarszewy|Styna II Godziszewo 4 Klasa okręgowa: Gdańsk II
11%
Kwidzyński Kwidzyn Supra Kwidzyn|Rodło Kwidzyn|Oldboys Kwidzyn 3 Klasa okręgowa: Gdańsk II
11%
Pucki Kosakowo Sztorm Kosakowo|Sztorm II Kosakowo|Lider Dębogórze 3 Klasa A: Gdańsk I
11%
Chojnicki Brusy Tęcza Brusy|Orkan Huta Brusy|Temis-Brda Wielkie Chełmy|Perła Czyczkowy|Grom Leśno|Tęcza II Brusy 6 Klasa A: Gdańsk III
11%
Kościerski Lipusz Wda Lipusz 1 Klasa A: Gdańsk III
11%
Kościerski Stara Kiszewa Wierzyca Stara Kiszewa|Huragan Nowe Polaszki 2 Klasa B: Gdańsk V
11%
Pucki Puck Zatoka 95 Puck 1 Klasa B: Gdańsk I
11%
Gdański Przywidz AP FilSport Przywidz 1 Klasa A: Gdańsk III
0%
Pucki Krokowa Arka Prusewo 1 Klasa B: Gdańsk I
0%
Nowodworski Sztutowo Bałtyk Sztutowo 1 Klasa A: Gdańsk IV
0%
Malborski Stare Pole Błękitni Stare Pole 1 Klasa okręgowa: Gdańsk II
0%
Sztumski Sztum Błyskawica Postolin|Olimpia Sztum|Powiśle Czernin|AMP Sztum|Ruch Gościszewo 5 Klasa A: Gdańsk IV
0%
Starogardzki Kaliska Czarni Piece|Victoria Kaliska 2 Klasa A: Gdańsk III
0%
Nowodworski Stegna Czarni Przemysław 1 Klasa A: Gdańsk II
0%
Starogardzki Starogard Gdański W Dąbrowiak Dąbrówka|Korona Rywałd 2 Klasa B: Gdańsk VII
0%
Malborski Miłoradz Delta Miłoradz|Skra Kończewice 2 Klasa okręgowa: Gdańsk II
0%
Bytowski Trzebielino Diament Trzebielino 1 Klasa A: Słupsk I
0%
Nowodworski Ostaszewo GDKiS Ostaszewo 1 Klasa okręgowa: Gdańsk II
0%
Starogardzki Bobowo GKS Bobowo 1 Klasa B: Gdańsk VII
0%
Człuchowski Koczała Granit Koczała 1 Klasa B: Słupsk II
0%
Bytowski Parchowo Grom Nakla 1 Klasa A: Słupsk II
0%
Chojnicki Chojnice W Jantar Pawłowo|Unia Klawkowo|Nowi Nowa Cerkiew 3 Klasa A: Gdańsk III
0%
Malborski Malbork W Jurand Lasowice Wielkie 1 Klasa A: Gdańsk IV
0%
Człuchowski Człuchów W Lider Rychnowy 1 Klasa okręgowa: Słupsk
0%
Kościerski Nowa Karczma LKP Nowa Karczma 1 Klasa B: Gdańsk V
0%
Starogardzki Osieczna MKP Szlachta|MKP II Szlachta 2 Klasa okręgowa: Gdańsk II
0%
Wejherowski Reda Orlęta Reda|Błyskawica Reda-Rekowo Dolne|Błyskawica II Reda-Rekowo Dolne 3 Klasa okręgowa: Gdańsk I
0%
Tczewski Subkowy Orzeł Subkowy|Świt Radostowo 2 Klasa A: Gdańsk IV
0%
Kwidzyński Gardeja Pogoń Gardeja 1 Klasa B: Gdańsk VII
0%
Starogardzki Smętowo Pogoń Smętowo 1 Klasa B: Gdańsk VII
0%
Słupski Damnica Polonez Bobrowniki|ZS Damnica 2 Klasa A: Słupsk I
0%
Starogardzki Skórcz Pomorzanka Skórcz|Szpak Skórcz 2 Klasa A: Gdańsk IV
0%
Kwidzyński Ryjewo Relax Ryjewo|Rodło Trzciano|Czarni Straszewo 3 Klasa A: Gdańsk IV
0%
Starogardzki Lubichowo Sokół Lubichowo 1 Klasa okręgowa: Gdańsk II
0%
Sztumski Stary Targ Tęcza Szropy|LKS Waplewo Wielkie 2 Klasa B: Gdańsk VIII
0%
Słupski Ustka W Unison Machowino|Wybrzeże Objazda|KS Zaleskie 3 Klasa A: Słupsk I
0%
Bytowski Borzytuchom Victoria Dąbrówka 1 Klasa A: Słupsk II
0%
Starogardzki Czarna Woda Wda Czarna Woda 1 Klasa B: Gdańsk VI
0%
Malborski Lichnowy Wicher Lichnowy|Lisovia Lisewo 2 Klasa B: Gdańsk VI
0%
Gdański Cedry Wielkie Wisła Długie Pole|Korona Cedry Małe 2 Klasa B: Gdańsk IV
0%
Kwidzyński Kwidzyn W Wisła Korzeniewo|Powiśle Pawlice Rakowiec 2 Klasa A: Gdańsk IV
0%
Nowodworski Nowy Dwór Gdański Żuławy Nowy Dwór Gdański|Żuławy II Nowy Dwór Gdański|AS Nowy Dwór Gdański 3 Klasa okręgowa: Gdańsk II
0%
Nie znaleziono quizów pasujących do podanych kryteriów
Rozkład punktacji
Procent ludzi z każdym wynikiem
Percentyl według liczby udzielonych odpowiedzi
Twoja historia wyników
Nie rozwiązałeś tego quizu